| 000 -LEADER |
| fixed length control field |
02918cam a22003978i 4500 |
| 001 - CONTROL NUMBER |
| control field |
18726878 |
| 003 - CONTROL NUMBER IDENTIFIER |
| control field |
NUST |
| 005 - DATE AND TIME OF LATEST TRANSACTION |
| control field |
20190904111431.0 |
| 008 - FIXED-LENGTH DATA ELEMENTS--GENERAL INFORMATION |
| fixed length control field |
150803s2015 mdu b 001 0 eng |
| 010 ## - LIBRARY OF CONGRESS CONTROL NUMBER |
| LC control number |
2015029958 |
| 020 ## - INTERNATIONAL STANDARD BOOK NUMBER |
| International Standard Book Number |
9781498504164 (cloth : alk. paper) |
| 020 ## - INTERNATIONAL STANDARD BOOK NUMBER |
| Canceled/invalid ISBN |
9781498504171 (electronic) |
| 038 ## - RECORD CONTENT LICENSOR |
| Staff Name |
M.Sohail |
| 040 ## - CATALOGING SOURCE |
| Original cataloging agency |
DLC |
| Language of cataloging |
eng |
| Transcribing agency |
DLC |
| Description conventions |
rda |
| Modifying agency |
DLC |
| 042 ## - AUTHENTICATION CODE |
| Authentication code |
pcc |
| 043 ## - GEOGRAPHIC AREA CODE |
| Geographic area code |
n-us--- |
| 050 00 - LIBRARY OF CONGRESS CALL NUMBER |
| Classification number |
HE203 |
| Item number |
.P75 2015 |
| 082 00 - DEWEY DECIMAL CLASSIFICATION NUMBER |
| Classification number |
363 |
| Edition number |
23 |
| Author Mark |
MAR |
| 245 00 - TITLE STATEMENT |
| Title |
Private financing of public transportation infrastructure : |
| Remainder of title |
utilizing public-private partnerships / |
| Statement of responsibility, etc. |
edited by Wendell C. Lawther and Lawrence L. Martin. |
| 260 ## - PUBLICATION, DISTRIBUTION, ETC. |
| Place of publication, distribution, etc. |
USA |
| Name of publisher, distributor, etc. |
The Worldbank |
| Date of publication, distribution, etc. |
1994 |
| 264 #1 - PRODUCTION, PUBLICATION, DISTRIBUTION, MANUFACTURE, AND COPYRIGHT NOTICE |
| Place of production, publication, distribution, manufacture |
Lanham : |
| Name of producer, publisher, distributor, manufacturer |
Lexington Books, |
| Date of production, publication, distribution, manufacture, or copyright notice |
[1994] |
| 300 ## - PHYSICAL DESCRIPTION |
| Extent |
vi, 220 pages ; |
| Dimensions |
24 cm |
| 336 ## - CONTENT TYPE |
| Content type term |
text |
| Source |
rdacontent |
| 337 ## - MEDIA TYPE |
| Media type term |
unmediated |
| Source |
rdamedia |
| 338 ## - CARRIER TYPE |
| Carrier type term |
volume |
| Source |
rdacarrier |
| 504 ## - BIBLIOGRAPHY, ETC. NOTE |
| Bibliography, etc. note |
Includes bibliographical references and index. |
| 505 0# - FORMATTED CONTENTS NOTE |
| Formatted contents note |
An introduction to private sector financing of transportation infrastructure / Wendell C. Lawther and Lawrence L. Martin -- Transportation infrastructure financing public private partnerships (P3) : what are they? : how do they work? / Lawrence L. Martin -- State enabling legislation for public private partnerships / Lawrence L. Martin and Joseph Saviak -- Internationally recommended best practices & promising practices in transportation infrastructure financing public private partnerships / Lawrence L. Martin, Wendell C. Lawther, Graeme A. Hodge and Carsten Greve -- Case studies in transportation infrastructure financing public private partnerships / Lawrence L. Martin and Wendell C. Lawther -- Evaluation of public-private partnerships for transportation nfrastructure financing : process & goal achievement / Wendell C. Lawther -- Public private partnerships : transparency and accountability issues / Wendell C. Lawther -- The role of the private sector in effectively educating policymakers and the public about transportation P3S : insights from florida leaders / Joseph Saviak -- Avoiding public private partnership failure: linking transportation infrastructure with economic development / Owen M. Beitsch and Wendell C. Lawther -- Concluding thoughts and questions / Wendell C. Lawther -- Appendix: tools for use in public-private partnerships for transportation infrastructure financing / Lawrence L. Martin and Wendell C. Lawther. |
| 650 #0 - SUBJECT ADDED ENTRY--TOPICAL TERM |
| Topical term or geographic name entry element |
Transportation |
| Geographic subdivision |
United States. |
| 9 (RLIN) |
19959 |
| 650 #0 - SUBJECT ADDED ENTRY--TOPICAL TERM |
| Topical term or geographic name entry element |
Privatization |
| Geographic subdivision |
United States. |
| 9 (RLIN) |
19960 |
| 650 #0 - SUBJECT ADDED ENTRY--TOPICAL TERM |
| Topical term or geographic name entry element |
Public-private sector cooperation |
| Geographic subdivision |
United States. |
| 9 (RLIN) |
19961 |
| 700 1# - ADDED ENTRY--PERSONAL NAME |
| Personal name |
Lawther, Wendell C., |
| Dates associated with a name |
1946- |
| Relator term |
editor. |
| 9 (RLIN) |
19962 |
| 700 1# - ADDED ENTRY--PERSONAL NAME |
| Personal name |
Martin, Lawrence L., |
| Dates associated with a name |
1945- |
| Relator term |
editor. |
| 9 (RLIN) |
19963 |
| 906 ## - LOCAL DATA ELEMENT F, LDF (RLIN) |
| a |
7 |
| b |
cbc |
| c |
orignew |
| d |
1 |
| e |
ecip |
| f |
20 |
| g |
y-gencatlg |
| 942 ## - ADDED ENTRY ELEMENTS (KOHA) |
| Source of classification or shelving scheme |
|
| Koha item type |
Book |